Cerita nilai murni Aesop popular

Bibliographic Details
Format: Book
Published: Kuala Lumpur : Early learner publication sdn bhd , 2005
Series:Siri cerita nilai murni terkenal Aesop
Subjects:

MARC

LEADER 00000cam a2200000 7i4500
001 0000007325
005 20220105104030.0
008 290627
020 |a 9833278558 
090 0 0 |a JP   |b MOR MAL (8581) 
245 0 0 |a Cerita nilai murni Aesop popular 
260 |a Kuala Lumpur :   |b Early learner publication sdn bhd ,   |c 2005 
440 |a Siri cerita nilai murni terkenal Aesop 
500 |a Children age 4-6 years old (yellow) 
650 0 |a Malay fiction 
999 |a 0000989936   |b Book   |c Children Collection   |e Cawangan Bukit Gambir 
999 |a 0000989937   |b Book   |c Children Collection   |e Perbadanan Perpustakaan Awam Johor 
999 |a 0000989938   |b Book   |c Children Collection   |e Perbadanan Perpustakaan Awam Johor 
999 |a 0000989939   |b Book   |c Children Collection   |e Cawangan Bandar Tenggara 
999 |a 0000989940   |b Book   |c Children Collection   |e Perbadanan Perpustakaan Awam Johor